| 000 | 00000nam 2200000zi 4500 |
| 001 | 9.947191 |
| 003 | CaOODSP |
| 005 | 20250121111942 |
| 006 | m o d f |
| 007 | cr mn||||||||| |
| 008 | 250121s1968 onc o f100 0 eng d |
| 040 | |aCaOODSP|beng|erda|cCaOODSP |
| 041 | 0 |aeng|afre |
| 043 | |an-cn--- |
| 086 | 1 |aPC32-8/1968-PDF|zPC32-8/1968 |
| 111 | 2 |aConstitutional Conference |n(1st : |d1968 : |cOttawa, Ont.) |
| 245 | 10|aConstitutional Conference proceedings : |bfirst meeting, February 5-7, 1968, Ottawa = Conférence constitutionnelle, délibérations : première réunion, le 5-7 février 1968, Ottawa. |
| 246 | 11|aConférence constitutionnelle, délibérations : |bpremière réunion, le 5-7 février 1968, Ottawa |
| 246 | 14|aConstitutional Conference, Ottawa : |bfirst meeting, February 1968 = Conférence constitutionnelle, Ottawa : première réunion, février 1968 |
| 264 | 1|aOttawa, Canada : |bRoger Duhamel, F.R.S.C. = Roger Duhamel, M.S.R.C., |c1968. |
| 300 | |a1 online resource (xiii, 548 pages) |
| 336 | |atext|btxt|2rdacontent |
| 337 | |acomputer|bc|2rdamedia |
| 338 | |aonline resource|bcr|2rdacarrier |
| 500 | |aDigitized edition from print [produced by Government of Canada Publications Directorate]. |
| 546 | |aText in English and French. |
| 650 | 0|aConstitutional law|zCanada|vCongresses. |
| 650 | 0|aConstitutional amendments|zCanada|vCongresses. |
| 650 | 0|aBilingualism|zCanada|vCongresses. |
| 650 | 0|aBiculturalism|zCanada|vCongresses. |
| 655 | 7|aConference papers and proceedings|2lcgft |
| 710 | 1 |aCanada. |bConstitutional Conference, |eissuing body. |
| 788 | |tConstitutional Conference proceedings : |efre|w(CaOODSP)9.947193 |
| 856 | 40|qPDF|s31.80 MB|uhttps://publications.gc.ca/collections/collection_2025/bcp-pco/PC32-8-1968.pdf |